Salesmanship and Sales Management (Record no. 45155)

MARC details
000 -LEADER
fixed length control field 00429nam a2200181Ia 4500
008 - FIXED-LENGTH DATA ELEMENTS--GENERAL INFORMATION
fixed length control field 230524s9999 xx 000 0 und d
020 ## - INTERNATIONAL STANDARD BOOK NUMBER
ISBN 8125911626
082 ## - DEWEY DECIMAL CLASSIFICATION NUMBER
Classification number 174.4
Item number SAH
100 ## - MAIN ENTRY--AUTHOR NAME
Personal name P.K.sahu
245 #0 - TITLE STATEMENT
Title Salesmanship and Sales Management
250 ## - EDITION STATEMENT
Edition statement 3RD
260 ## - PUBLICATION, DISTRIBUTION, ETC. (IMPRINT)
Place of publication NEW DELHI
Name of publisher Vikas
Year of publication 2008
300 ## - PHYSICAL DESCRIPTION
Number of Pages VIII;305
500 ## - GENERAL NOTE
General note Quantity Number: 4
650 ## - SUBJECT ADDED ENTRY--TOPICAL TERM
Topical Term Management
700 ## - ADDED ENTRY--PERSONAL NAME
Personal name K.C.Raut
942 ## - ADDED ENTRY ELEMENTS (KOHA)
Koha item type Books
Holdings
Lost status Damaged status Permanent Location Current Location Shelving location Date acquired Full call number Accession Number Koha item type
    Central Library, Trident Academy of Technology Central Library, Trident Academy of Technology General Stacks 05/24/2023 174.4 SAH 34384 Books
    Central Library, Trident Academy of Technology Central Library, Trident Academy of Technology General Stacks 05/24/2023 174.4 SAH 34385 Books
    Central Library, Trident Academy of Technology Central Library, Trident Academy of Technology General Stacks 05/24/2023 174.4 SAH 37770 Books
    Central Library, Trident Academy of Technology Central Library, Trident Academy of Technology General Stacks 05/24/2023 174.4 SAH 37771 Books
Trident Academy of Technology © 2023.
All rights reserved.                                                                                                                                                                                                        Designed by Team of Central Library .

Powered by Koha